000 00476nam a2200181Ia 4500
005 20250326123638.0
008 250326s9999 xx 000 0 und d
037 _aTextbook
040 _aFMSL
_beng
_cFMSL
041 _aeng
_2eng
084 _aX9.5 P6
_qFMSL
100 _aNicholls A
_9735701
245 0 _aSocial enterpreneurship
_cNicholls A
260 _aNY
_bNY, Oxford Univ.
_c2006
300 _a444p
942 _cTB
_hX9.5 P6
999 _c1270303
_d1270303